| 000 | 00819cam a22002771 4500 | ||
|---|---|---|---|
| 001 | 8907439 | ||
| 003 | OSt | ||
| 005 | 20140310181623.0 | ||
| 008 | 750324s1962 nyu 000 1 eng | ||
| 010 | _a 62019606 | ||
| 035 | _a(OCoLC)1232964 | ||
| 040 |
_aDLC _cODaWU _dOCoLC _dODaWU _dDLC |
||
| 050 | 0 | 0 |
_b.G799 1977 _aPR 6013 |
| 082 |
_aCLA G83i _b1977 |
||
| 100 | 1 |
_aGreene, Graham, _d1904-1991. _93116 |
|
| 245 | 1 | 0 |
_aIt's a battlefield./ _cGraham Greene. |
| 260 |
_aNew York, New York : _bPenguin Group, _cc1977. |
||
| 300 |
_a202 p. : _c21 cm. |
||
| 541 | _j1 | ||
| 541 | _j2 | ||
| 541 | _j3 | ||
| 562 | _eFor circulation. 3 copies in the collection | ||
| 650 |
_aInternational Baccalaureate. _9127 |
||
| 906 |
_a7 _bcbc _coclcrpl _du _encip _f19 _gy-gencatlg |
||
| 942 |
_2lcc _cBBK _kCLA |
||
| 999 |
_c215 _d215 |
||